[Event "Sunningdale e2e4 op U2000 07"]
[Site "Sunningdale"]
[Date "2013.07.07"]
[Round "5"]
[White "Norman, Dinah M"]
[Black "Lawrence, David S"]
[Result "1/2-1/2"]
[WhiteElo "1817"]
[BlackElo "1651"]
[PlyCount "27"]
[EventDate "2013.07.05"]
[EventType "swiss"]
[EventRounds "7"]
[EventCountry "ENG"]
[SourceTitle "EXT 2014"]
[Source "ChessBase"]
[SourceDate "2013.11.20"]
[SourceVersion "1"]
[SourceVersionDate "2013.11.20"]
[SourceQuality "1"]

1. d4 d5 2. Nf3 Nf6 3. e3 Bg4 4. c4 e6 5. Qb3 Qc8 6. Nc3 c6 7. Bd2 Nbd7 8. Rc1 Be7 9. Be2 0-0 10. h3 Bf5 11. 0-0 Re8 12. Rfd1 Ne4 13. cxd5 Nxc3 14. Bxc3 1/2-1/2

[Event "Sunningdale e2e4 op U1800 05"]
[Site "Sunningdale"]
[Date "2013.05.27"]
[Round "7"]
[White "Lawrence, David S"]
[Black "Solloway, Colin J"]
[Result "0-1"]
[WhiteElo "1654"]
[BlackElo "1593"]
[PlyCount "86"]
[EventDate "2013.05.25"]
[EventType "swiss"]
[EventRounds "7"]
[EventCountry "ENG"]
[SourceTitle "EXT 2014"]
[Source "ChessBase"]
[SourceDate "2013.11.20"]
[SourceVersion "1"]
[SourceVersionDate "2013.11.20"]
[SourceQuality "1"]

1. d4 d5 2. Nf3 Nf6 3. Bg5 e6 4. e3 Be7 5. Bd3 Nbd7 6. Nbd2 0-0 7. 0-0 h6 8. Bh4 Re8 9. c4 c6 10. Rc1 Bd6 11. Bb1 Qc7 12. c5 Be7 13. Bg3 Qd8 14. Qc2 Nf8 15. Ne5 Nh5 16. Ndf3 f5 17. Qd1 Nxg3 18. hxg3 Bf6 19. Nh2 Bxe5 20. dxe5 Re7 21. f4 Bd7 22. Nf3 Be8 23. Nd4 h5 24. Kf2 Rc8 25. b4 g6 26. Bd3 Rg7 27. Nf3 Nh7 28. Rh1 g5 29. Be2 g4 30. Nd4 Nf8 31. Qd2 b5 32. a3 a6 33. Qc3 Rcc7 34. Rcd1 Rh7 35. Rh2 Rh6 36. Rdh1 Rch7 37. Qc1 Qe7 38. Qg1 Qg7 39. Ke1 Qa7 40. Kd2 a5 41. Qb1 Qa8 42. Qb2 Ra7 43. bxa5 Rxa5 0-1

[Event "High Wycombe e2e4 op 10"]
[Site "High Wycombe"]
[Date "2012.10.14"]
[Round "5"]
[White "Lawrence, David S"]
[Black "Homer, Neil S"]
[Result "1/2-1/2"]
[WhiteElo "1715"]
[BlackElo "1587"]
[PlyCount "34"]
[EventDate "2012.10.12"]
[EventType "swiss"]
[EventRounds "5"]
[EventCountry "ENG"]
[SourceTitle "EXT 2013"]
[Source "ChessBase"]
[SourceDate "2012.11.22"]
[SourceVersion "1"]
[SourceVersionDate "2012.11.22"]
[SourceQuality "1"]

1. d4 d5 2. Bf4 Nf6 3. e3 c5 4. c3 c4 5. Nf3 Bg4 6. Be2 Nc6 7. Nbd2 e6 8. Ne5 Bxe2 9. Qxe2 Nxe5 10. Bxe5 Bd6 11. Bxd6 Qxd6 12. 0-0 0-0 13. e4 Nxe4 14. Nxe4 dxe4 15. Qxe4 Qd5 16. Qxd5 exd5 17. Rfe1 Rfe8 1/2-1/2

[Event "Amersham e2e4 Challengers op"]
[Site "Amersham"]
[Date "2012.05.19"]
[Round "2"]
[White "Mitchell, Robert G"]
[Black "Lawrence, David S"]
[Result "1-0"]
[WhiteElo "1886"]
[BlackElo "1702"]
[PlyCount "61"]
[EventDate "2012.05.18"]
[EventType "swiss"]
[EventRounds "5"]
[EventCountry "ENG"]
[SourceTitle "EXT 2014"]
[Source "ChessBase"]
[SourceDate "2013.11.20"]
[SourceVersion "1"]
[SourceVersionDate "2013.11.20"]
[SourceQuality "1"]

1. f4 d5 2. Nf3 Nf6 3. g3 g6 4. Bg2 Bg7 5. 0-0 0-0 6. d3 Nbd7 7. e3 c5 8. Qe1 Qc7 9. e4 dxe4 10. dxe4 Nb6 11. a4 Bd7 12. Nc3 a5 13. Ne5 e6 14. h3 Rfd8 15. Be3 Be8 16. Qe2 Nh5 17. Qf2 Bxe5 18. fxe5 Qxe5 19. g4 Ng7 20. Bxc5 Nc4 21. Be7 Rd2 22. Qh4 Qd4+ 23. Kh1 Qe3 24. Bg5 Qc5 25. Qh6 Rf2 26. Rxf2 Qxf2 27. Rf1 Qc5 28. Bf6 Qf8 29. Qh4 Ne3 30. Be7 Nxg2 31. Kxg2 1-0

[Event "Amersham e2e4 Challengers op"]
[Site "Amersham"]
[Date "2012.05.18"]
[Round "1"]
[White "Kelly, Anthony G"]
[Black "Lawrence, David S"]
[Result "1-0"]
[WhiteElo "1842"]
[BlackElo "1702"]
[PlyCount "107"]
[EventDate "2012.05.18"]
[EventType "swiss"]
[EventRounds "5"]
[EventCountry "ENG"]
[SourceTitle "EXT 2014"]
[Source "ChessBase"]
[SourceDate "2013.11.20"]
[SourceVersion "1"]
[SourceVersionDate "2013.11.20"]
[SourceQuality "1"]

1. d4 e6 2. Nf3 Nf6 3. Bg5 Be7 4. e3 0-0 5. Bd3 d5 6. 0-0 Nbd7 7. Nbd2 b6 8. c4 Bb7 9. Qc2 h6 10. Bh4 c5 11. Rac1 cxd4 12. exd4 dxc4 13. Bxc4 Rc8 14. Qb3 Ne4 15. Nxe4 Bxe4 16. Bxe7 Qxe7 17. Ba6 Rxc1 18. Rxc1 Bd5 19. Qe3 Nf6 20. a3 Bb7 21. Bxb7 Qxb7 22. Qc3 Nd5 23. Qc4 Rd8 24. h3 Nf4 25. Qc7 Qxc7 26. Rxc7 Ne2+ 27. Kf1 Nxd4 28. Nxd4 Rxd4 29. Rxa7 Rd1+ 30. Ke2 Rb1 31. b4 Ra1 32. b5 Rb1 33. a4 Rb2+ 34. Ke3 f6 35. Ra6 Rb3+ 36. Kd4 e5+ 37. Kd5 Rb2 38. Rxb6 Rxf2 39. a5 Rd2+ 40. Ke4 Rd4+ 41. Ke3 f5 42. g3 Ra4 43. a6 Ra3+ 44. Kd2 Ra2+ 45. Kd3 Ra3+ 46. Kc4 f4 47. gxf4 exf4 48. Rd6 f3 49. Rd2 g5 50. Kb4 Ra1 51. Rf2 Rb1+ 52. Kc5 Rc1+ 53. Kb6 Rc3 54. a7 1-0

[Event "High Wycombe e2e4 Intermediate op 03"]
[Site "High Wycombe"]
[Date "2012.03.18"]
[Round "5"]
[White "Foley, Phil T"]
[Black "Lawrence, David S"]
[Result "1-0"]
[WhiteElo "1642"]
[BlackElo "1725"]
[PlyCount "47"]
[EventDate "2012.03.16"]
[EventType "swiss"]
[EventRounds "5"]
[EventCountry "ENG"]
[SourceTitle "EXT 2014"]
[Source "ChessBase"]
[SourceDate "2013.11.20"]
[SourceVersion "1"]
[SourceVersionDate "2013.11.20"]
[SourceQuality "1"]

1. e4 e6 2. d4 d5 3. Bd3 Nf6 4. e5 Nfd7 5. Nf3 c5 6. c3 Nc6 7. 0-0 cxd4 8. cxd4 Be7 9. Nc3 0-0 10. Re1 a6 11. Be3 f6 12. exf6 Nxf6 13. Qd2 Bd6 14. h3 Bd7 15. Rac1 Rc8 16. Bb1 Qe8 17. a3 Qh5 18. Qd3 h6 19. Ne2 Qf7 20. Bf4 Bxf4 21. Nxf4 Ne4 22. Ne2 e5 23. Ng3 Nxg3 24. Qh7# 1-0

[Event "High Wycombe e2e4 Intermediate op 03"]
[Site "High Wycombe"]
[Date "2012.03.17"]
[Round "2"]
[White "Lawrence, David S"]
[Black "Homer, Neil S"]
[Result "1/2-1/2"]
[WhiteElo "1725"]
[BlackElo "1599"]
[PlyCount "64"]
[EventDate "2012.03.16"]
[EventType "swiss"]
[EventRounds "5"]
[EventCountry "ENG"]
[SourceTitle "EXT 2014"]
[Source "ChessBase"]
[SourceDate "2013.11.20"]
[SourceVersion "1"]
[SourceVersionDate "2013.11.20"]
[SourceQuality "1"]

1. d4 d5 2. Nf3 Nf6 3. Bf4 c5 4. c3 e6 5. e3 Nc6 6. Bd3 Qb6 7. Qc2 c4 8. Be2 Be7 9. h3 Bd7 10. Nbd2 h6 11. Rb1 Qd8 12. 0-0 b5 13. b3 Bc8 14. bxc4 bxc4 15. Ne5 Nxe5 16. Bxe5 0-0 17. Bf3 Bd7 18. Rb7 Ba4 19. Qb2 Re8 20. Nxc4 dxc4 21. Rxe7 Rxe7 22. Bxa8 Re8 23. Bf3 Nd5 24. Bxd5 exd5 25. Rb1 Bd7 26. Bd6 Qb6 27. Qxb6 axb6 28. Bb4 b5 29. Re1 f5 30. Bd6 Re6 31. Bc5 h5 32. f3 Kf7 1/2-1/2

[Event "Brighton op"]
[Site "Brighton"]
[Date "2010.11.14"]
[Round "4"]
[White "Lawrence, David S"]
[Black "Fell, Colin C"]
[Result "1/2-1/2"]
[WhiteElo "1714"]
[BlackElo "1562"]
[PlyCount "72"]
[EventDate "2010.11.12"]
[EventType "swiss"]
[EventRounds "5"]
[EventCountry "ENG"]
[SourceTitle "EXT 2011"]
[Source "ChessBase"]
[SourceDate "2010.11.26"]
[SourceVersion "1"]
[SourceVersionDate "2010.11.26"]
[SourceQuality "1"]

1. d4 g6 2. c4 Bg7 3. Nc3 d6 4. Nf3 Nd7 5. Bg5 f6 6. Bd2 Nh6 7. Qc1 Nf7 8. e4 e5 9. dxe5 fxe5 10. Be2 0-0 11. 0-0 Nf6 12. Rd1 b6 13. Bg5 Bb7 14. Nd5 Nxg5 15. Qxg5 Bxd5 16. exd5 Qd7 17. Qd2 Ng4 18. Rf1 Qf5 19. Nh4 Qh5 20. h3 Qxh4 21. Bxg4 Rae8 22. Be6+ Rxe6 23. dxe6 Qxc4 24. e7 Re8 25. Rac1 Qe6 26. Rxc7 Rxe7 27. Rxe7 Qxe7 28. Qd5+ Kh8 29. Rc1 e4 30. Rc7 Qf6 31. Qf7 Qxf7 32. Rxf7 a5 33. b3 Bd4 34. Kf1 Kg8 35. Rd7 Bc5 36. Ke2 h6 1/2-1/2

[Event "Uxbridge op Major"]
[Site "Uxbridge"]
[Date "2010.03.20"]
[Round "2"]
[White "Lawrence, David S"]
[Black "Watson, Darrell"]
[Result "1-0"]
[WhiteElo "1722"]
[BlackElo "1623"]
[PlyCount "83"]
[EventDate "2010.03.19"]
[EventType "swiss"]
[EventRounds "5"]
[EventCountry "ENG"]
[SourceTitle "EXT 2012"]
[Source "ChessBase"]
[SourceDate "2011.11.24"]
[SourceVersion "1"]
[SourceVersionDate "2011.11.24"]
[SourceQuality "1"]

1. d4 Nf6 2. c4 g6 3. Nc3 Bg7 4. Nf3 d6 5. Bg5 h6 6. Bh4 g5 7. Bg3 Nh5 8. e3 Nxg3 9. hxg3 Bg4 10. Qc2 c6 11. Bd3 Qa5 12. Nd2 Na6 13. Be2 Bxe2 14. Nxe2 0-0-0 15. 0-0 Rdf8 16. a3 Kb8 17. b4 Qd8 18. Rab1 Qd7 19. b5 cxb5 20. cxb5 Rc8 21. Qb3 Nc7 22. Rfc1 Na8 23. Qxf7 Bf6 24. Qb3 h5 25. Rxc8+ Rxc8 26. Ne4 h4 27. Nxf6 exf6 28. gxh4 gxh4 29. Nf4 Qf5 30. Rd1 Nb6 31. Qe6 Qxe6 32. Nxe6 Rc3 33. Ra1 Nc4 34. a4 Nd2 35. Ng7 Kc7 36. Ne8+ Kb6 37. Nxd6 h3 38. gxh3 Nf3+ 39. Kg2 Nh4+ 40. Kg3 Ng6 41. Ne4 Ka5 42. Nxf6 1-0